000 00893nam a2200265 i 4500
003 DO-SdBNP
005 20241106074857.0
007 ta
008 241106b2011 sp ||||| |||| 00| 0 spa d
020 _a9789945871456
040 _aDO-SdBNP
_bspa
_cBNPHU
_erda
082 4 _axxx
_bB496v
_222
100 1 _aGómez Bergés, Víctor,
_d1940-2023
_eautor
_917774
245 1 0 _aVerdades ocultas del gobierno de Juan Bosch y de la guerra de abril :
_bcon relato inédito del capitán constitucionalista Ricardo Antonio Bodden López /
_cVíctor Gómez Bergés
264 _aSanto Domingo :
_bEditas Editores Asociados,
_c2011
300 _a556 páginas ;
_c27 cm.
336 _atexto
_btxt
_2rdacontent
337 _asin mediación
_bn
_2rdamedia
338 _avolumen
_bnc
_2rdacarrier
590 _aInventariado, 2024/DG
650 _914827
700 _986686
910 _aDG
942 _2ddc
_cLBS1
999 _c57944
_d57944